000 00555cam a22002052a 4500
001 000021
003 AR-FADEU
008 311216n1991####xxu####################dd
020 _a84-86852-16-1
092 _a362.2
_bW894
100 _aWoods, Robert T.
245 _aLa enfermedad de Alzheimer : enfrentarse a la muerte en vida
260 _aMadrid
260 _bMinisterio de Asuntos Sociales
260 _c1991
300 _a205 p
440 _aRehabilitación
_n39
650 _aSERVICIO SOCIAL ESPAÑA; DISCAPACIDAD; DEMENCIA
942 _cBDGR
999 _c5866
_d5866